| 000 | 00709nam a2200229 a 4500 | ||
|---|---|---|---|
| 999 |
_c11075 _d11075 |
||
| 001 | 11075 | ||
| 003 | BD-JhCC | ||
| 005 | 20200212134008.0 | ||
| 008 | 190628b20082017bg |||| ||a| 000 0 ben d | ||
| 020 | _a98470189008337 | ||
| 035 | _a(BD-JhCC)11075 | ||
| 040 |
_aBD-JhCC _dBD-JhCC |
||
| 041 | _aben | ||
| 082 |
_a891.4415 _bMAI 2017 |
||
| 100 | _aমৈত্রী, রবিশঙ্কর | ||
| 245 |
_aআবৃত্তি ভাবনা / _cরবিশঙ্কর মৈত্রী । |
||
| 260 |
_aঢাকা: _bশব্দশৈলী; _c২০১৭. |
||
| 300 |
_a৩২০ পৃঃ . : _c২২ সেমি. |
||
| 650 | _aRactalion,Bengali | ||
| 942 |
_2ddc _cBK _02 |
||